[Event "Hauts de Seine-ch"]
[Site "Issy les Moulineaux"]
[Date "2013.06.15"]
[Round "2"]
[White "Djukic, Victor"]
[Black "Coste, Thierry"]
[Result "0-1"]
[WhiteElo "1894"]
[BlackElo "2109"]
[PlyCount "56"]
[EventDate "2013.06.15"]
[EventType "swiss"]
[EventRounds "5"]
[EventCountry "FRA"]
[SourceTitle "EXT 2015"]
[Source "ChessBase"]
[SourceDate "2014.11.20"]
[SourceVersion "1"]
[SourceVersionDate "2014.11.20"]
[SourceQuality "1"]

1. e4 c5 2. Nc3 Nc6 3. g3 g6 4. Bg2 Bg7 5. d3 d6 6. f4 e6 7. Nf3 Nge7 8. Be3 Nd4 9. e5 dxe5 10. Nxe5 0-0 11. 0-0 Rb8 12. Ne4 Qc7 13. c3 Nd5 14. Bf2 Nf5 15. Re1 b6 16. d4 Rd8 17. g4 Nxf4 18. gxf5 Bxe5 19. fxg6 hxg6 20. Qf3 cxd4 21. cxd4 Rxd4 22. Bxd4 Bxd4+ 23. Kh1 Nxg2 24. Kxg2 Bb7 25. Kh3 Kg7 26. Qd3 Rh8+ 27. Kg2 Rxh2+ 28. Kf1 Qf4+ 0-1

[Event "Paris-ch op-A"]
[Site "Paris"]
[Date "2010.07.11"]
[Round "9"]
[White "Oupindrin, Narayanin"]
[Black "Djukic, Victor"]
[Result "0-1"]
[WhiteElo "1957"]
[BlackElo "1881"]
[PlyCount "58"]
[EventDate "2010.07.03"]
[EventType "swiss"]
[EventRounds "9"]
[EventCountry "FRA"]
[SourceTitle "CBM 137 Extra"]
[Source "ChessBase"]
[SourceDate "2010.09.01"]
[SourceVersion "1"]
[SourceVersionDate "2010.09.01"]
[SourceQuality "1"]

1. d4 Nf6 2. c4 g6 3. Nc3 Bg7 4. e4 d6 5. Be2 0-0 6. Bg5 c5 7. d5 h6 8. Be3 e6 9. Qd2 exd5 10. exd5 Kh7 11. h3 Na6 12. Nf3 Re8 13. 0-0-0 Bf5 14. g4 Ne4 15. Nxe4 Bxe4 16. a3 Rb8 17. Rhg1 b5 18. cxb5 Bxf3 19. Bxf3 Rxb5 20. Be2 Rxb2 21. Qxb2 Bxb2+ 22. Kxb2 Qb6+ 23. Kc2 Qa5 24. Ra1 Qa4+ 25. Kd2 Nc7 26. Bf3 Rb8 27. Rgc1 Rb3 28. Rc3 Qa5 29. Rac1 Nb5 0-1

[Event "Paris-ch op-A"]
[Site "Paris"]
[Date "2008.06.28"]
[Round "1"]
[White "Djukic, Victor"]
[Black "Larrat, Philippe"]
[Result "0-1"]
[WhiteElo "1968"]
[BlackElo "2211"]
[PlyCount "48"]
[EventDate "2008.06.28"]
[EventType "swiss"]
[EventRounds "9"]
[EventCountry "FRA"]
[SourceTitle "CBM 125 Extra"]
[Source "ChessBase"]
[SourceDate "2008.09.01"]
[SourceVersion "1"]
[SourceVersionDate "2008.09.01"]
[SourceQuality "1"]

1. e4 c5 2. Nc3 g6 3. g3 Bg7 4. Bg2 Nc6 5. d3 d6 6. f4 e6 7. Nf3 Nge7 8. 0-0 0-0 9. Be3 b6 10. d4 d5 11. exd5 Nf5 12. Bf2 Ncxd4 13. dxe6 Bxe6 14. Nxd4 Nxd4 15. Ne4 Bc4 16. Re1 Ne2+ 17. Rxe2 Qxd1+ 18. Rxd1 Bxe2 19. Rd2 Ba6 20. c4 Rad8 21. Nd6 Bxb2 22. Rxb2 Rxd6 23. Bd5 Rfd8 24. Re2 Rxd5 0-1